00383pab a2200145 454500008004000000100002300040245005000063260000900113300001500122362000800137650001500145650002500160650001900185773003300204180718b2018 xxu||||| |||| 00| 0 eng d aMullinix, Kevin J. aCivic duty and political preference formation c2018 ap.199-214. aMar aCivic duty aPolitical preference aPublic opinion aPolitical Research Quarterly